| 000 | 01010nam0a22002531 4500 | ||
|---|---|---|---|
| 001 | rc\2745225 | ||
| 005 | 20260408001827.0 | ||
| 035 | _a(NLR Aleph) 006872298 | ||
| 090 |
_a6960330 _c6960330 |
||
| 100 | _a20110915d1939 |||y0rusy50 ca | ||
| 101 | 0 | _arus | |
| 102 | _aRU | ||
| 105 | _ay z ||||| | ||
| 200 | 1 |
_aВетродвигатель ТВ 8 _eТехн. условия сдачи и приемки _fСост. инж. П. Г. Белоус _gНКМ СССР. Главсельмаш ... |
|
| 210 |
_aХерсон _cЗ-д им. Петровского _d1939 _gГостип. им. Ленина |
||
| 215 |
_a20 с. _d20 см. |
||
| 300 | _aВ конце текста: Сост. инж. П. Г. Белоус | ||
| 702 | 1 |
_aБелоус _bП.Г. _4220 |
|
| 712 | 0 | 2 |
_aЗавод сельскохозяйственного машиностроения _cХерсон _3RU\NLR\AUTH\8810166139 _9828259 |
| 801 | 0 |
_aRU _bNLR _gpsbo |
|
| 801 | 1 |
_aRU _bELAR _2rusmarc |
|
| 852 |
_aNLR _j39-10/1998 |
||
| 942 | _cBOOK | ||
| 980 | _aNB | ||